Responses for Show #3074 - Thursday, January 1, 1998

Contestants

[<< previous game]

Bill Unterborn, a visual merchandiser from Palmyra, New York

Constance Rajala, a network computing vice president from Evanston, Illinois

Brent Winter, a fashion editor from Atlanta, Georgia (whose 1-day cash winnings total $8,500)

[next game >>]

Jeopardy! Round responses

BIBLICAL MORTAL MATTERS
MAGAZINES
WORLD CITIES
PAUL, MEET PAULA
BY ANY OTHER NAME
RHYME TIME
    $100 1
Cain

Bill
    $100 2
(Constance: What is Playboy?)

Esquire

Constance
Triple Stumper
    $100 4
Bangkok

Brent
    $100 6
Paul Hogan

Brent
    $100 11
also known as

Bill
    $100 14
a long song

Brent
    $200 20
raise them from the dead

Bill
    $200 3
a bullet

Bill
    $200 5
Lima

Bill
    $200 8
Paula Zahn

Constance
    $200 12
a maiden name

Brent
    $200 16
a bug hug

Brent
    $300 22
Judas

Brent
    $300 24
Stern

Bill
    $300 7
(Brent: What is...)

Monrovia

BrentConstance
    $500 9
(Constance: Who is Paula Abdul?)
...
(Alex: "Where Have All The Cowboys Gone?")

Paula Cole

Constance
    $300 27
a nom de plume

Brent
    $300 17
a fine wine

Bill
    $400 23
Goliath

Bill
    $400 25
(Alex: We have less than a minute to go.)

U.S. News & World Report

Constance
    $400 13
Windsor

Bill
    $400 10
Paula Poundstone

Bill
    $400 30
a pseudonym

Brent
    $400 18
a stuck buck

Brent
    $500 29
the Ark of the Covenant

Bill
    $500 26
Slate

Constance
    $500 15
Calcutta

Brent
    $500 21
Paul Harvey

Brent
    $500 28
an alias

Brent
    $500 19
a quiver giver

Brent

Scores at the first commercial break (after clue 14):

Brent Constance Bill
$200 -$100 $1,400

Scores at the end of the Jeopardy! Round:

Brent Constance Bill
$3,800 $800 $3,100

Double Jeopardy! Round responses

ANATOMY
ANCIENT GREECE
FILMS OF THE 1940s
ART
HUMORISTS
"PRE"SCHOOL
    $200 2
the marrow

Bill
    $200 26
Hercules

Brent
    $200 1
Beauty and the Beast

Brent
    $200 9
the Sistine Chapel

Brent
    $200 6
Will Rogers

Brent
    $200 21
preening

Bill
    $400 7
the shoulder

Constance
    $400 27
Athens

Brent
    $400 3
flashbacks

Bill
    $400 13
(Brent: Who is DalĂ­?)

Picasso

BrentBill
    $400 14
Garrison Keillor

Bill
    $400 22
a premier

Bill
    $600 10
the gluteus maximus

Brent
    $2,000 28
(Alex: [Before the wager] We're almost out of time.)

man

Brent
    $600 4
Rochester

Bill
    $600 16
Grant Wood

Constance
    $600 15
the Plain Dealer

Constance
    $600 23
a prequel

Brent
    $800 11
the Achilles tendon

Brent
    $800 29
(Brent: What is the Acropolis?)
(Bill: What is the Parthenon?)

Olympia

BrentBill
Triple Stumper
    $700 5
The Lost Weekend

Bill
    $800 17
van Gogh

Constance
    $800 19
Naked Came the Manatee

Constance
    $800 24
prevaricating

Brent
    $1000 12
the pituitary

Brent
    $1000 30
Syracuse

Constance
    $1000 8
(Bill: What are The Ziegfeld Follies?)

Broadway Melody

ConstanceBill
    $1000 18
(William) Hogarth

Bill
    $1000 20
(Alex: Bill knew that, but didn't ring in.)

Edward Lear

Triple Stumper
    $1000 25
Steve Prefontaine

Bill

Scores at the end of the Double Jeopardy! Round:

Brent Constance Bill
$9,600 $6,000 $6,600

[wagering suggestions for these scores]

Final Jeopardy! Round responses

U.S. RIVERS
ConstanceWhat is the pageboy?
$0
BillWhat is the Mohawk River
$6,599
BrentWhat
$3,700
the Mohawk River

Final scores:

Brent Constance Bill
$5,900 $6,000 $13,199
3rd place: Monorail PC + Jeopardy! scorekeeper 2nd place: trip on Air Jamaica to Jamaica & stay at the Plantation Inn + Jeopardy! scorekeeper New champion: $13,199

Game dynamics:

Coryat scores:

Brent Constance Bill
$8,200 $6,500 $6,700
24 R
(including 1 DD),
3 W
11 R,
2 W
(including 1 DD)
21 R
(including 1 DD),
2 W

Combined Coryat: $21,400

[game clues] [game scores] [suggest correction]

Game tape date: 1997-11-11
The J! Archive is created by fans, for fans. Scraping, republication, monetization, and malicious use prohibited; this site may use cookies and collect identifying information. See terms. The Jeopardy! game show and all elements thereof, including but not limited to copyright and trademark thereto, are the property of Jeopardy Productions, Inc. and are protected under law. This website is not affiliated with, sponsored by, or operated by Jeopardy Productions, Inc. Join the discussion at JBoard.tv.